| 000 | 00543nam a22001577a 4500 | ||
|---|---|---|---|
| 003 | macl | ||
| 005 | 20201111161703.0 | ||
| 008 | 201111b xxu||||| |||| 00| 0 eng d | ||
| 040 | _cmacl | ||
| 082 | _a398 | ||
| 100 |
_aसिंह ,डाॅ श्याम _980529 |
||
| 245 | _aउत्तराखण्ड की सामासिक संस्कृति | ||
| 260 |
_aदिल्ली _bसुरूचि साहित्य _c2018 |
||
| 650 |
_aलोकसाहित्य _949528 |
||
| 942 |
_2ddc _cHIN |
||
| 999 |
_c63870 _d63870 |
||